The Manager's Book Shelf (Record no. 2075)

MARC details
000 -LEADER
fixed length control field 00331nam a22001337a 4500
008 - FIXED-LENGTH DATA ELEMENTS--GENERAL INFORMATION
fixed length control field 250304b |||||||| |||| 00| 0 eng d
020 ## - INTERNATIONAL STANDARD BOOK NUMBER
ISBN 0130669237
100 ## - MAIN ENTRY--AUTHOR
Author Pierce L. Jon
245 ## - TITLE STATEMENT
Title The Manager's Book Shelf
260 ## - PUBLICATION, DISTRIBUTION, ETC. (IMPRINT)
Place of publication United State
Name of publisher Pearson Education Ltd
Date of publication 2002
300 ## - COLLATION
Pagination 336p.
942 ## - ADDED ENTRY ELEMENTS (KOHA)
Item type Books
050 ## - LIBRARY OF CONGRESS CALL NUMBER
Classification number HD 70
Item number .P54
Holdings
Source of classification or shelving scheme Not for loan Permanent location Current location Date acquired Accession No. Full call number Barcode. Koha item type
Library of Congress Classification   Samuel Ogbemudia Main Library, University of Abuja Samuel Ogbemudia Main Library, University of Abuja 03/04/2025 2011/42166 HD 70.P54 2025-0248 Books